MDQL
is popping MORE tags! Check the
thread
!
Quizzes
Events
Quiz Creation
Community
Videos
Private Events
Remove Ads
Sign In
Join for FREE
Feedback
Dark Mode
Quiz Categories
Sports
Geography
Music
Movies
Television
Just For Fun
Miscellaneous
History
Literature
Language
Science
Gaming
Entertainment
Religion
Holiday
For Kids
Quiz Lab
Recent
Popular Today
Quiz Kudos Today
Editor Picks
Curator Picks
Quizzes by...
Day
Popularity
Type
Ratings
Length
Year
Community
Subscriptions
Recent Discussions
Orange Saloon
Badges
Playlists
Quests
Create
Leaderboards
Showdown
Live 5
Trivia Bingo
Activity
Puzzle Library
Sporcle Events
Private Events
Virtual Trivia
Globe League
Become a Host
Pub Owners
SporcleCon
Opinionation
Our Games
Videos
Blog
Mobile Apps
Partnerships
Remove Ads and Go Orange
Feedback
Movies
Disney
Marvel Cinematic Universe
Movie Resume
Movie Titles
Oscar
Actor
Actress
Director
Pixar
Role
Movie Quotes
Movie Characters
Box Office
Nominee
Best Picture
Star Wars
James Bond
Horror Movies
Movies
Disney
Marvel Cinematic Universe
Movie Resume
Movie Titles
Oscar
Actor
Actress
Director
Pixar
Role
Movie Quotes
Movie Characters
Box Office
Nominee
Best Picture
Star Wars
James Bond
Horror Movies
Random Quiz
Search Sporcle
×
Quiz Lab
Quiz Lab
Movies
Released
Type in answers that appear in a list
Type in answers that appear in a list
Classic
Best Score? Go Orange.
2012 Movie by Error Stats
Can you name the movies released in 2012 by the following errors and inconsistencies?
By
oldkent
6m
11 Questions
107 Plays
107 Plays
107 Plays
Comments
Comments
Give Quiz Kudos
Give Quiz Kudos
-
- Ratings
hide this ad
More Info
Forced Order
Answers have to be entered in order
Answers have to be entered in order
Random Order
Randomize order of answers
Randomize order of answers
Replay
Link that replays current quiz
Next Quiz
Link to next quiz in quiz playlist
You Got
0%
They Got
Avg Score
25%
Avg Friend Score
Upgrade to see
Score Distribution
Jump to the score distribution portion of the page
Score
0/11
Timer
06:00
0
Plays Today
Error
Movie
% Correct
The police officers have been trapped in the tunnel for three months. But when it shows them in the tunnel, none of them have significant beard growth.
The Dark Knight Rises
67%
When Channing Tatum shoots one of the thugs in the hotel room, the thug falls on his stomach. In the next shot he's on his back and again in the next shot he is on his side.
21 Jump Street
61.3%
Young (Character) was right-
handed. (He shot people with his right hand) but Older (Character) was left-
handed.
Looper
30.2%
When (Character) falls through the roof and lands on the boxing ring, the planks on his body suddenly disappear.
The Amazing Spiderman
18.9%
(Character) refers to the pirate rabbit as the Easter Bunny, even though Easter never existed in prehistoric times.
Ice Age 4: Continental Drift
17%
(Character) is supposedly in 1980, but wearing a Rolex Deepsea Sea Dweller, which wasn't released until 2008.
Argo
11.3%
When Jim is talking to Kara at the end of the movie, her hair changes position with every shot. From covering her entire shoulder to not covering her shoulder at all.
American Reunion
6.6%
When the couple exits Elysium, the rear window is broken and covered with a piece of paper. Half a second later, still exiting the place, the paper is gone and the window is fixed.
Wanderlust
5.7%
When the agents fly over from DC to Cape Town in the private jet, the in-
flight exterior shot shows the plane as a Falcon, yet when it lands it is a Gulfstream.
Safe House
4.7%
The police station wagon does not appear to be a 1965 but a 68 or 69 auto.
Moonrise Kingdom
2.8%
In the movie the graphics shown include geographical positions, with the latitude and longitude. Every one is wrong except the one in Somalia.
Act of Valor
1.9%
Quiz Playlist
Details
Report
Send in Message
Add To Playlist
More Info:
Potential spoilers.
Classic:
Type in answers that appear in a list
Forced Order:
Answers have to be entered in order
Random Order:
Randomize order of answers
Quiz Source
Last Updated: Feb 16, 2017
Quiz Scoreboard
CHALLENGE
Sign Up to Join the Scoreboard
Show All
Scores
Hide
Comments
May contain spoilers
Recently Published
1-10 Letter E Words III
by El_Dandy
Language
2m
Street Fighter Characters
by Artimus82
Gaming
60s
College Basketball Coaching Resumes
by pancakes188
Sports
9m
More to Explore
Quiz From the Vault
Featured Blog Post
Where Did the Easter Bunny Come From?
hide this ad
You Might Also Like...
Tags
2012
Error
Released
Today's Top Quizzes in Movies
Browse Movies
hide this ad
Today's Top Quizzes in Released
Browse Released
Top Contributed Quizzes in Movies
1
Pick 5 Posters: Directed by Spielberg
2
7-to-1: Pixar Characters
3
Hidden Star Wars Character II
4
Pick 5 Posters: Lowest-Rated Spielberg
5
Hidden Star Wars Character III
6
Sorting Actors
7
Sorting Actresses
8
Hidden Star Wars Character IV
9
Pick 5 Posters: Directed by Scorsese
10
Hidden Star Wars Character V
Explore More
Trending Topics
Anime
NBA
Kpop
Disney
Marvel
Harry Potter
Crossword
Pokémon
Puzzle
WWE
Country
The Office
NFL
Song
Soccer
hide this ad
More By:
oldkent
Quiz
Plays
Rating
Category
Featured
Created
Harry Potter: Family Relationships
327,046
4.35
Literature
Apr 5, 2010
Car Brands by Model
251,841
3.87
Miscellaneous
Dec 11, 2009
Mystery Countries!
248,356
4.56
Geography
Jun 16, 2010
Avoid the Fake Bond Title Words
219,749
4.20
Movies
Apr 28, 2013
Harry Potter Characters by Actor
208,599
4.24
Movies
May 28, 2010
Go to Creator's Profile
Score Distribution
Quiz Creator Spotlight
oldkent
Follow
Send a Message
Quizzes Created
-
Created Quiz Play Count
-
More By This Creator
Popular Quizzes Today
1
Find the US States - No Outlines Minefield
2
Find the Countries of Europe - No Outlines Minefield
3
The Countries of the World
4
Find the US States
5
Risky Map Clicking: Biggest States A-Z
6
US States
7
Popular People in 1961
8
Movies - When Are They Set?
More Movies Quizzes
Ridley Scott's Film Match
Quiz Lab
Trending Quizzes
Risky Map Clicking: Least Populous States A-Z
Billboard Blitz: Aretha Franklin
Famous Russians: Author or Composer?
1-10 Letter G Words
Countries of the World: 200 Million BC
Recently Updated
Leaping Animals
pecheneg
Reality TV Shows (A-Z)
bhenderson79
Rickey Henderson's Hall of Fame Teammates
pecheneg
Champions League XIs: Arsenal
pecheneg
Quick Pick: Celebrities in WWE's Hall of Fame
aduchscher
A-Z Keypad Blitz II
pecheneg
Multiple Oscar Actors
pecheneg
Mystery Phrase Blitz: Oscar 'Best Actors'
pecheneg
F. Scott Fitzgerald Novels
LTH
Pick 3 Villains
ddd62291
Trending Topics
Marvel
Harry Potter
Disney
NBA
Crossword
Kpop
Anime
Puzzle
The Office
Country
WWE
NFL
Soccer
Pokémon
Song
Your Account Isn't Verified!
In order to create a playlist on Sporcle, you need to verify the email address you used during registration. Go to your
Sporcle Settings
to finish the process.
Report this User
Report this user for behavior that violates our
Community Guidelines
.
Details:
Send Report
Go to the Sporcle.com Mobile Site →
Comments